000 00456nam a2200193Ia 4500
005 20240823012311.0
008 240823s9999||||xx |||||||||||||| ||und||
020 _a81-203-2048-4
041 _aENGLISH
082 _A658.15 P2
100 _a"Horne,James Van C"
245 0 _aFinancial Management Policy
250 _a12th
260 _c2002
_b"PHI,New "
500 _aYES
650 _aFinance
_bManagement Studies
942 _cBK
999 _c164008
_d164008